Příspěvek do diskuse o službách

Salvato in:
Dettagli Bibliografici
Autore principale: Kerner, Antonín
Altri autori: Michalová, Valéria
Natura: Capitolo di libro
Lingua:ceco
Soggetti:
Tags: Aggiungi Tag
Nessun Tag, puoi essere il primo ad aggiungerne!!

MARC

LEADER 00000naa$a2200000$$$4500
001 0086273
005 20221007085751.7
041 0 |a cze 
044 |a CZ 
245 1 0 |a Příspěvek do diskuse o službách  |c Antonín Kerner, Valéria Michalová 
610 2 0 |a teórie ekonomické 
610 2 0 |a služby 
610 2 0 |a ekonómia politická 
610 2 0 |a definície 
100 1 |a Kerner, Antonín 
700 1 |a Michalová, Valéria